000
00290nam a2200109Ia 4500
008
230907s9999||||xx |||||||||||||| ||und||
082
_a
670,ECO
245
0
_a
Eco-efficiency of grinding processes and systems/
260
_a
Springer
_b
New York
_c
2016
300
_a
xxvii, 227p.:
942
_c
BK
999
_c
597714
_d
597714